Countries: After L Quiz Stats

Quiz Updated Apr 25, 2018

Also try: Countries: After D
Challenge
Share
Tweet
Embed
Score 0/14 Timer 03:00
4 Plays Today
Letter after 'L' Country Name % Correct
AGuatemala
97.8%
ILiberia
95%
EChile
84.5%
GEquatorial Guinea
77.1%
-Brazil
77%
USaint Lucia
67%
OSlovakia
61.6%
Letter after 'L' Country Name % Correct
BAlbania
59.2%
YItaly
57.7%
DMoldova
50.7%
TMalta
45.1%
LMarshall Islands
43.9%
SEl Salvador
33.4%
VEl Salvador
33.4%

You're not logged in!

Compare scores with friends on all Sporcle quizzes.
Join for Free
OR
Log In

You Might Also Like...

Show Comments

Extras

Top Quizzes Today


Score Distribution

Your Account Isn't Verified!

In order to create a playlist on Sporcle, you need to verify the email address you used during registration. Go to your Sporcle Settings to finish the process.

Report this User

Report this user for behavior that violates our Community Guidelines.

Details: